[Event "35th European Club Cup 2019"]
[Site "Ulcinj"]
[Date "2019.11.10"]
[Round "1.24"]
[White "Rendboe, John Filip"]
[Black "Brunello, Sabino"]
[Result "1/2-1/2"]
[WhiteElo "2119"]
[BlackElo "2549"]
[Annotator "ChessBase"]
[PlyCount "78"]
[EventDate "2019.11.10"]
[EventType "team-tourn"]
[EventCountry "MNE"]
[SourceTitle "playchess.com"]
[Source "ChessBase"]
[SourceQuality "1"]
[WhiteTeam "Aarhus Skolerne"]
[BlackTeam "Padova"]
[TimeControl "40/5400+30:1800+30"]

1. d4 {[%emt 0:00:00]} Nf6 {[%emt 0:00:00]} 2. c4 {[%emt 0:00:00]} e6 {[%emt 0:00:00]} 3. Nc3 {[%emt 0:00:44]} Bb4 {[%emt 0:00:19]} 4. e3 {[%emt 0:00:42]} O-O {[%emt 0:00:15]} 5. Bd3 {[%emt 0:00:16]} d5 {[%emt 0:06:36]} 6. Nf3 {[%emt 0:01:24]} c5 {[%emt 0:01:22]} 7. O-O {[%emt 0:00:44]} dxc4 {[%emt 0:00:58]} 8. Bxc4 {[%emt 0:00:14]} Nbd7 {[%emt 0:00:42]} 9. a3 {[%emt 0:05:52]} Ba5 {[%emt 0:01:49]} 10. Qd3 {[%emt 0:14:31]} cxd4 {[%emt 0:22:51]} 11. exd4 {[%emt 0:00:44]} a6 {[%emt 0:00:34]} 12. b4 {[%emt 0:08:24]} Bc7 {[%emt 0:02:21]} 13. Bg5 {[%emt 0:04:21]} b5 {[%emt 0:07:31]} 14. Bb3 {[%emt 0:05:39]} Bb7 {[%emt 0:00:58]} 15. Rad1 {[%emt 0:03:33]} Qb8 {[%emt 0:10:42]} 16. d5 {[%emt 0:03:13]} Nxd5 {[%emt 0:03:37]} 17. Nxd5 {[%emt 0:02:03]} Bxd5 {[%emt 0:01:15]} 18. Bxd5 {[%emt 0:00:43]} exd5 {[%emt 0:00:39]} 19. Qxd5 {[%emt 0:00:15]} Nb6 {[%emt 0:01:39]} 20. Qd4 {[%emt 0:02:17]} f6 {[%emt 0:05:20]} 21. Bh4 {[%emt 0:02:54]} Qb7 {[%emt 0:09:13]} 22. Qg4 {[%emt 0:01:52]} Qc8 {[%emt 0:01:05]} 23. Qh5 {[%emt 0:07:46]} Qe8 {[%emt 0:01:51]} 24. Qc5 {[%emt 0:08:09]} Qf7 {[%emt 0:08:53]} 25. Rfe1 {[%emt 0:10:25]} Rfd8 {[%emt 0:02:26]} 26. Bg3 {[%emt 0:02:43]} Rac8 {[%emt 0:02:00]} 27. Bxc7 {[%emt 0:05:42]} Rxd1 {[%emt 0:00:15]} 28. Rxd1 {[%emt 0:00:10]} Qxc7 {[%emt 0:00:07]} 29. Qf5 {[%emt 0:01:46]} Re8 {[%emt 0:02:54]} 30. h4 {[%emt 0:01:22]} Qc6 {[%emt 0:02:31]} 31. h5 {[%emt 0:03:55]} Qe6 {[%emt 0:02:27]} 32. Qc5 {[%emt 0:00:51]} Nc4 {[%emt 0:00:45]} 33. Re1 {[%emt 0:00:36]} Qd7 {[%emt 0:00:37]} 34. Rxe8+ {[%emt 0:00:24]} Qxe8 {[%emt 0:00:01]} 35. a4 {[%emt 0:00:14]} Qd7 {[%emt 0:01:59]} 36. axb5 {[%emt 0:00:45]} axb5 {[%emt 0:00:29]} 37. Nd4 {[%emt 0:01:26]} Ne5 {[%emt 0:00:41]} 38. Qxb5 {[%emt 0:01:04]} Qxb5 {[%emt 0:00:15]} 39. Nxb5 {[%emt 0:00:06]} Nd3 {[%emt 0:00:04]} 1/2-1/2

[Event "35th European Club Cup 2019"]
[Site "Ulcinj"]
[Date "2019.11.10"]
[Round "1.25"]
[White "Warmerdam, Max"]
[Black "Sjugirov, Sanan"]
[Result "0-1"]
[WhiteElo "2501"]
[BlackElo "2657"]
[Annotator "TA"]
[PlyCount "64"]
[EventDate "2019.11.10"]
[EventType "team-tourn"]
[EventCountry "MNE"]
[SourceTitle "playchess.com"]
[Source "ChessBase"]
[SourceQuality "1"]
[WhiteTeam "Apeldoorn"]
[BlackTeam "Law & Order"]

{[%evp 25,64,27,22,21,4,-16,-15,-26,-27,-27,-29,-32,-34,-36,-37,-43,-43,-47,-51,-67,0,-39,0,0,0,0,0,0,0,-3,0,0,0,0,0,0,0,0,0,-170,-124]} 1. e4 e5 2. Nf3 Nc6 3. Bb5 a6 4. Ba4 Nf6 5. O-O Be7 6. Re1 b5 7. Bb3 O-O 8. c3 d5 9. exd5 Nxd5 10. Nxe5 Nxe5 11. Rxe5 c6 12. d3 Bd6 13. Re1 Bf5 14. Bxd5 {C89: Closed Ruy Lopez: Marshall Attack} (14. g3 {keeps more tension.} Re8 15. Be3 Qc7 16. Bxd5 cxd5 17. d4) 14... cxd5 {[#]} 15. Na3 $146 {[#]} ({Predecessor:} 15. Be3 Re8 16. Nd2 Bxd3 17. Nb3 Bg6 18. Bc5 Bc7 19. Qd2 Qd7 20. Rxe8+ Rxe8 21. Re1 h6 {0-1 (114) Mista,A (2599)-Harikrishna,P (2738) Katowice 2019}) 15... d4 $1 {[%mdl 512] And now ...Bxa3 would win.} 16. cxd4 {The position is equal.} Bxa3 17. bxa3 Qxd4 {[%mdl 64] Double Attack} 18. Be3 Qxd3 19. Qb3 Qd6 20. a4 Qg6 21. Bc5 Rfc8 22. Re5 Be6 23. Qe3 h6 ({Much weaker is} 23... bxa4 $6 24. Rg5 $11) (23... Bxa2 $5 24. Rg5 Qe6 $11) 24. axb5 axb5 $40 {[%mdl 128] Black is up to no good.} 25. a3 $1 Rd8 26. Qg3 {[#] Hoping for Qxg6.} Qc2 27. Rae1 Ra6 {[%cal Ba8a6,Ba6g6,Bg6g2][%mdl 32]} 28. Bb4 Bd5 {...Rg6 is the strong threat.} 29. f3 Rg6 30. Qf2 Qc6 31. Rd1 Kh7 {aiming for ...Bxf3.} 32. Qc5 $2 (32. Rd3 $11) 32... Bxf3 {Played: Rg6xg2} 0-1

[Event "35th European Club Cup 2019"]
[Site "Ulcinj"]
[Date "2019.11.10"]
[Round "1.26"]
[White "Alekseev, Evgeny"]
[Black "Van Delft, Merijn"]
[Result "1-0"]
[WhiteElo "2623"]
[BlackElo "2353"]
[Annotator "TA"]
[PlyCount "47"]
[EventDate "2019.11.10"]
[EventType "team-tourn"]
[EventCountry "MNE"]
[SourceTitle "playchess.com"]
[Source "ChessBase"]
[SourceQuality "1"]
[WhiteTeam "Law & Order"]
[BlackTeam "Apeldoorn"]

{[%evp 9,47,7,7,0,0,0,39,24,81,81,72,73,71,62,87,43,70,68,152,154,218,233,209,232,225,216,252,242,243,231,229,243,250,281,702,690,1087,1089,1408,1493]} 1. e4 c5 2. Nf3 d6 3. Bb5+ Nd7 4. d4 cxd4 5. Qxd4 a6 6. Be2 {B51: Sicilian: Moscow Variation (3 Bb5+) without 3...Bd7} (6. Bd3 {seems wilder.} e5 7. Qe3 Nc5 8. c4 Be7 9. O-O) 6... e5 7. Qe3 b5 $146 ({Predecessor:} 7... Ngf6 8. c4 Be7 9. Nc3 O-O 10. O-O b6 11. Rd1 Bb7 12. h3 Rc8 13. b3 Nc5 14. Nxe5 Nfxe4 15. Nxe4 Nxe4 {0-1 (27) Saric,I (2695)-Salem,A (2660) St Petersburg 2018}) 8. c4 {White is slightly better.} b4 (8... Rb8 $11) 9. a3 $16 Rb8 10. axb4 Rxb4 11. b3 Nc5 12. Nbd2 Nf6 13. Ba3 Qb6 {[#]} (13... a5 $14) 14. O-O $1 $36 {[%mdl 2048] White is in control.} ({Resist} 14. Bxb4 $6 Qxb4 15. h3 Bb7 $16) 14... Bb7 (14... Ng4 $16 15. Qc3 a5) 15. Bxb4 $18 Qxb4 {[#]} 16. Ne1 $1 Nfxe4 17. Nxe4 Bxe4 18. Bf3 Bg6 19. Bc6+ Kd8 20. Nf3 Kc7 21. Bd5 Be7 $2 {[#]} (21... Kd7 22. Rfd1 f6) 22. Rxa6 $3 {[%mdl 512] White is clearly winning.} Rb8 (22... Nxa6 23. Qa7+) 23. Ra7+ Kd8 {[#]} 24. Nxe5 {Played: Nf3-d4} 1-0

[Event "35th European Club Cup 2019"]
[Site "Ulcinj"]
[Date "2019.11.10"]
[Round "1.27"]
[White "Lammens, Tim"]
[Black "Rakhmanov, Aleksandr"]
[Result "0-1"]
[WhiteElo "2258"]
[BlackElo "2638"]
[Annotator "TA"]
[PlyCount "58"]
[EventDate "2019.11.10"]
[EventType "team-tourn"]
[EventCountry "MNE"]
[SourceTitle "playchess.com"]
[Source "ChessBase"]
[SourceQuality "1"]
[WhiteTeam "Apeldoorn"]
[BlackTeam "Law & Order"]

{[%evp 10,68,47,52,50,23,26,20,14,21,28,14,44,41,39,41,45,49,68,54,87,71,97,72,93,72,84,69,108,128,116,131,120,4,0,-8,-2,-54,-27,-114,-116,-121,-109,-198,-194,-196,-175,-193,-181,-217,-195,-305,-300,-375,-312,-274,-282,-280,-288,-290,-243]} 1. Nf3 c5 2. c4 Nc6 3. Nc3 g6 4. e3 Bg7 5. d4 d6 6. Be2 Nf6 {A35: Symmetrical English: 2 Nc3 Nc6 3 Nf3} (6... e6 7. O-O Nf6 8. e4 O-O 9. d5 Nd4 10. dxe6 Nxe2+ 11. Qxe2 Bxe6 12. Bf4 Nh5 13. Bg5 Qb6 14. Nd5 Bxd5 15. exd5 {½-½ (30) Banusz,T (2612)-Ivanisevic,I (2574) Valjevo 2018}) 7. h3 cxd4 8. exd4 d5 {The position is equal.} 9. O-O O-O 10. Re1 b6 11. Ne5 Bb7 $1 12. Bf3 {[%cal Rc4d5]} Na5 $146 ({Predecessor:} 12... e6 13. Bg5 Ne7 14. Qd2 h6 15. Bxh6 Bxh6 16. Qxh6 {0-1 (36) Kolesar,M (2300)-Kantorik,M (2235) Bratislava 1992}) 13. Bg5 h6 14. Bh4 $36 {[%mdl 2048] White fights for an advantage.} g5 15. Bg3 Rc8 16. cxd5 Nxd5 17. Bxd5 Bxd5 18. Qh5 ({Don't play} 18. Nxd5 $6 Qxd5 19. Qh5 Qxd4 $11) 18... Be6 19. h4 f6 20. hxg5 hxg5 {[#]} 21. Ng4 (21. d5 $1 $16 {[%cal Rd5e6][%mdl 512]} Bf5 (21... Bxd5 22. Nxd5) 22. Ng6) 21... Qd7 $11 22. Nh6+ Bxh6 $1 23. Qxh6 (23. d5 $11 Bf5 24. Qxh6) 23... Bf5 $15 24. Ne4 {[#]} (24. d5 $11 {keeps the balance.}) 24... Rf7 $1 $17 ({Much worse is} 24... Qxd4 $6 25. Rad1 $11) 25. Nxg5 fxg5 26. Be5 (26. d5 $17 Rh7 27. Qxg5+ Rg7 28. Qh5) 26... Rh7 $19 27. Qxg5+ {[#]} Kf7 $1 28. Rac1 {and if Rxc8 works, White does fine.} Rg8 29. Qe3 {[#]} Nc6 {Played: Qd7-d5} 0-1

[Event "35th European Club Cup 2019"]
[Site "Ulcinj"]
[Date "2019.11.10"]
[Round "1.28"]
[White "Kokarev, Dmitry"]
[Black "Meurs, Tom"]
[Result "1-0"]
[WhiteElo "2601"]
[BlackElo "2249"]
[Annotator "TA"]
[PlyCount "36"]
[EventDate "2019.11.10"]
[EventType "team-tourn"]
[EventCountry "MNE"]
[SourceTitle "playchess.com"]
[Source "ChessBase"]
[SourceQuality "1"]
[WhiteTeam "Law & Order"]
[BlackTeam "Apeldoorn"]

{[%evp 11,36,12,20,22,39,35,44,55,244,238,241,247,508,521,499,522,507,416,408,396,408,399,389,315,511,510,801]} 1. c4 e5 2. g3 Nf6 3. Bg2 d5 4. cxd5 Nxd5 5. Nf3 Nc6 6. O-O Be7 7. d4 {Hoping for e4. A20: English Opening: 1...e5} exd4 (7... e4 8. Ne5 f5 9. Nxc6 bxc6 10. Qc2 Qd7 11. Nc3 O-O 12. Nxd5 cxd5 13. Bf4 c6 14. Rfc1 Bb7 15. e3 a5 16. h4 Rfc8 {½-½ (35) Topalov,V (2749)-Karjakin,S (2781) Paris 2017}) 8. Nxd4 Nxd4 9. Qxd4 {[%mdl 64] [#] Double Attack. White is slightly better.} Nb4 $2 ({Black should play} 9... Nf6 $14 10. Qxd8+ Bxd8) 10. Qxg7 $18 Bf6 11. Qh6 {Nc3 is the strong threat.} Nc2 $2 (11... Be5 12. Nc3 Qf6 13. Qxf6 Bxf6) 12. Nc3 Nxa1 13. Rd1 Bd4 {intending ...Qf6.} 14. e3 Qf6 $146 ({Predecessor:} 14... Qd6 15. exd4 {1-0 (29) Pedersen,H (2104)-Bromann,T (2279) Ringsted 2000}) 15. exd4 Qxh6 16. Bxh6 Nc2 17. Nd5 Kd7 $2 {[#]} (17... Bf5 {is a better defense.} 18. Nxc7+ Ke7 19. Nxa8 Rxa8) 18. Be4 Ke8 (18... c6 $142 19. Nf6+ {[%mdl 64] Double Attack} (19. Bxc2 cxd5 20. Rc1 Ke7 $14) 19... Ke7) 1-0

[Event "35th European Club Cup 2019"]
[Site "Ulcinj"]
[Date "2019.11.10"]
[Round "1.29"]
[White "Boel, Marcel"]
[Black "Rozum, Ivan"]
[Result "1/2-1/2"]
[WhiteElo "2218"]
[BlackElo "2593"]
[Annotator "ChessBase"]
[PlyCount "79"]
[EventDate "2019.11.10"]
[EventType "team-tourn"]
[EventCountry "MNE"]
[SourceTitle "playchess.com"]
[Source "ChessBase"]
[SourceQuality "1"]
[WhiteTeam "Apeldoorn"]
[BlackTeam "Law & Order"]
[TimeControl "40/5400+30:1800+30"]

1. e4 {[%emt 0:00:00]} d6 {[%emt 0:00:00]} 2. d4 {[%emt 0:00:00]} Nf6 {[%emt 0:00:00]} 3. Nc3 {[%emt 0:00:00]} g6 {[%emt 0:00:00]} 4. Nf3 {[%emt 0:00:12]} Bg7 {[%emt 0:00:00]} 5. Be3 {[%emt 0:00:35]} O-O {[%emt 0:00:14]} 6. h3 {[%emt 0:00:36]} c6 {[%emt 0:00:24]} 7. a4 {[%emt 0:00:40]} Nbd7 {[%emt 0:00:41]} 8. a5 {[%emt 0:01:20]} Qc7 {[%emt 0:01:14]} 9. Be2 {[%emt 0:04:05]} Rb8 {[%emt 0:01:22]} 10. O-O {[%emt 0:00:51]} b5 {[%emt 0:00:24]} 11. axb6 {[%emt 0:02:49]} axb6 {[%emt 0:00:41]} 12. Bd3 {[%emt 0:07:58]} e5 {[%emt 0:04:27]} 13. dxe5 {[%emt 0:02:43]} dxe5 {[%emt 0:00:49]} 14. Qb1 {[%emt 0:08:48]} Rd8 {[%emt 0:05:14]} 15. b4 {[%emt 0:09:18]} Nf8 {[%emt 0:02:18]} 16. Bc4 {[%emt 0:08:33]} Ne6 {[%emt 0:08:10]} 17. Ng5 {[%emt 0:13:17]} Nxg5 {[%emt 0:01:03]} 18. Bxg5 {[%emt 0:00:05]} b5 {[%emt 0:03:51]} 19. Be2 {[%emt 0:03:58]} h6 {[%emt 0:04:36]} 20. Be3 {[%emt 0:00:27]} Nd7 {[%emt 0:00:40]} 21. Rd1 {[%emt 0:01:30]} Nf8 {[%emt 0:07:02]} 22. Ra7 {[%emt 0:03:30]} Bb7 {[%emt 0:02:10]} 23. Qa2 {[%emt 0:03:51]} Ne6 {[%emt 0:02:59]} 24. Rxd8+ {[%emt 0:03:49]} Qxd8 {[%emt 0:04:44]} 25. Nb1 {[%emt 0:02:36]} Bf8 {[%emt 0:07:49]} 26. c3 {[%emt 0:02:01]} Nf4 {[%emt 0:00:56]} 27. Bf3 {[%emt 0:03:11]} Ra8 {[%emt 0:09:38]} 28. Nd2 Rxa7 {[%emt 0:06:39]} 29. Qxa7 {[%emt 0:01:43]} Bc8 {[%emt 0:00:44]} 30. Nb3 {[%emt 0:02:31]} Qd3 {[%emt 0:08:23]} 31. Qb8 {[%emt 0:00:46]} Qxc3 {[%emt 0:02:47]} 32. Qxc8 {[%emt 0:04:18]} Qxb3 {[%emt 0:00:45]} 33. Qxc6 {[%emt 0:04:57]} Qxb4 {[%emt 0:01:08]} 34. Qe8 {[%emt 0:00:12]} Qb2 {[%emt 0:02:52]} 35. Bxf4 {[%emt 0:01:43]} exf4 {[%emt 0:00:04]} 36. e5 Qb3 {[%emt 0:06:27]} 37. Bg4 {[%emt 0:01:06]} Qb4 {[%emt 0:03:27]} 38. e6 {[%emt 0:00:38]} Qe7 {[%emt 0:00:18]} 39. exf7+ {[%emt 0:00:57]} Kg7 {[%emt 0:00:03]} 40. Qxe7 {[%emt 0:00:00]} 1/2-1/2

[Event "35th European Club Cup 2019"]
[Site "Ulcinj"]
[Date "2019.11.10"]
[Round "1.30"]
[White "Sychev, Klementy"]
[Black "Van der Elburg, Freddie"]
[Result "1-0"]
[WhiteElo "2578"]
[BlackElo "2190"]
[Annotator "ChessBase"]
[PlyCount "49"]
[EventDate "2019.11.10"]
[EventType "team-tourn"]
[EventCountry "MNE"]
[SourceTitle "playchess.com"]
[Source "ChessBase"]
[SourceQuality "1"]
[WhiteTeam "Law & Order"]
[BlackTeam "Apeldoorn"]
[TimeControl "40/5400+30:1800+30"]

1. Nf3 {[%emt 0:00:00]} d6 {[%emt 0:00:00]} 2. d4 {[%emt 0:00:00]} f5 {[%emt 0:00:18]} 3. Nc3 {[%emt 0:00:00]} Nf6 {[%emt 0:00:31]} 4. Bg5 {[%emt 0:00:00]} Nbd7 {[%emt 0:03:24]} 5. Qd3 {[%emt 0:00:25]} g6 {[%emt 0:01:50]} 6. e4 {[%emt 0:00:13]} fxe4 {[%emt 0:00:22]} 7. Nxe4 {[%emt 0:00:06]} Bg7 {[%emt 0:01:09]} 8. O-O-O {[%emt 0:00:39]} O-O {[%emt 0:04:27]} 9. h4 {[%emt 0:03:44]} Nxe4 {[%emt 0:08:46]} 10. Qxe4 {[%emt 0:00:13]} Nf6 {[%emt 0:00:07]} 11. Bc4+ {[%emt 0:19:01]} Kh8 {[%emt 0:04:33]} 12. Bxf6 {[%emt 0:01:15]} exf6 {[%emt 0:05:57]} 13. Rde1 {[%emt 0:09:40]} c6 {[%emt 0:08:06]} 14. Qf4 {[%emt 0:14:27]} d5 {[%emt 0:12:41]} 15. Bd3 {[%emt 0:00:11]} Qd7 {[%emt 0:00:51]} 16. Kb1 {[%emt 0:02:49]} Qg4 {[%emt 0:02:05]} 17. Qc7 {[%emt 0:06:27]} Qd7 {[%emt 0:10:42]} 18. Qxd7 {[%emt 0:06:21]} Bxd7 {[%emt 0:00:05]} 19. h5 {[%emt 0:00:02]} gxh5 {[%emt 0:07:22]} 20. Rxh5 {[%emt 0:00:06]} Bg4 {[%emt 0:03:01]} 21. Rxh7+ {[%emt 0:01:38]} Kg8 {[%emt 0:00:04]} 22. Bg6 {[%emt 0:08:03]} Bxf3 {[%emt 0:06:19]} 23. Re7 {[%emt 0:01:49]} Bh8 {[%emt 0:00:04]} 24. Rh3 {[%emt 0:02:36]} Be4 {[%emt 0:00:34]} 25. Bh7+ {[%emt 0:00:46]} 1-0

[Event "35th European Club Cup 2019"]
[Site "Ulcinj"]
[Date "2019.11.10"]
[Round "1.31"]
[White "Chigaev, Maksim"]
[Black "Klein, Felix"]
[Result "1-0"]
[WhiteElo "2623"]
[BlackElo "2333"]
[Annotator "TA"]
[PlyCount "79"]
[EventDate "2019.11.10"]
[EventType "team-tourn"]
[EventCountry "MNE"]
[SourceTitle "playchess.com"]
[Source "ChessBase"]
[SourceQuality "1"]
[WhiteTeam "Molodezka"]
[BlackTeam "Eupen-Kelmis"]

{[%evp 9,79,24,26,8,16,0,19,0,28,28,25,28,27,20,20,18,21,0,14,0,0,-17,12,8,19,9,23,22,21,29,82,73,147,147,208,242,239,235,307,302,395,379,383,372,381,375,424,419,442,433,416,357,458,447,473,453,467,461,1381,1426,1698,1755,1376,1295,920,800,760,733,966,870,4698,2008]} 1. e4 e5 2. Nf3 Nc6 3. Bb5 Nf6 4. d3 Bc5 5. Bxc6 dxc6 6. Qe2 {C65: Ruy Lopez: Berlin Defence (3...Nf6), unusual lines and 4 0-0 Bc5} Qe7 7. Bg5 $146 ({Predecessor:} 7. h3 Bd6 8. Nbd2 Nd7 9. O-O O-O 10. Nc4 Re8 11. Re1 c5 12. Nh2 Nf8 13. f4 exf4 {½-½ (33) Aronian,L (2763)-Anand,V (2774) Karlsruhe/Baden Baden 2019}) 7... h6 8. Bh4 {The position is equal.} (8. Be3 {looks sharper.} Bg4 9. Nbd2 a5 10. a4 O-O 11. O-O) 8... Bg4 (8... Be6 {is more complex.} 9. Nbd2 Bd6 10. d4 Bg4 11. O-O-O O-O-O) 9. h3 Bxf3 10. Qxf3 g5 11. Bg3 O-O-O 12. Nd2 {[%cal Bb1d2,Bd2c4,Bc4e3,Be3g4][%mdl 32]} Nd7 13. a3 f6 14. Qf5 Kb8 15. h4 Bb6 16. Nc4 Nc5 17. O-O-O Ne6 18. c3 Ka8 19. Kc2 c5 (19... Rdg8 $11 {remains equal.}) 20. Ne3 $16 {aiming for Nd5.} c6 {[#]} ({Black should try} 20... Ng7 21. Qf3 Rhf8) 21. Ng4 $1 Nf4 (21... Rdf8 $16) 22. Qxf6 $18 Qxf6 23. Nxf6 c4 24. dxc4 Nxg2 25. Rxd8+ Rxd8 26. hxg5 hxg5 27. Ng4 Nf4 28. Nxe5 Re8 29. Bxf4 gxf4 {[%mdl 4096] Endgame KRB-KRN} 30. f3 a6 31. Ng4 {White is clearly winning.} Rd8 32. b4 a5 33. c5 Ba7 (33... Bc7 $142 34. Rh7 Kb8) 34. e5 b6 35. e6 Re8 36. Re1 Re7 37. cxb6 Bxb6 38. Re4 Kb7 39. Nh6 axb4 40. Nf5 {Accuracy: White = 69%, Black = 22%.} 1-0

[Event "35th European Club Cup 2019"]
[Site "Ulcinj"]
[Date "2019.11.10"]
[Round "1.32"]
[White "Coenen, Michael"]
[Black "Paravyan, David"]
[Result "0-1"]
[WhiteElo "2364"]
[BlackElo "2628"]
[Annotator "TA"]
[PlyCount "66"]
[EventDate "2019.11.10"]
[EventType "team-tourn"]
[EventCountry "MNE"]
[SourceTitle "playchess.com"]
[Source "ChessBase"]
[SourceQuality "1"]
[WhiteTeam "Eupen-Kelmis"]
[BlackTeam "Molodezka"]

{[%evp 9,65,21,18,18,28,29,34,4,7,12,10,-6,-3,-8,-12,-11,0,-30,-29,-29,-28,-29,-28,-30,-25,-30,-27,-27,-20,-52,-26,-145,-153,-130,-131,-420,-405,-697,-629,-725,-479,-485,-465,-807,-800,-1627,-1539,-5281,-2301,-29987,-29988,-29988,-29989,-29994,-29995,-29995,-29996,-29999]} 1. d4 Nf6 2. c4 e6 3. Nf3 d5 4. Nc3 a6 5. cxd5 exd5 6. Bg5 {D37: Queen's Gambit Declined: 5 Bf4} Be6 7. e3 Nbd7 8. Be2 {White is slightly better.} (8. Bd3 c6 9. Qb3 Qb6 10. Qxb6 Nxb6 11. Bxf6 gxf6 12. Nh4 a5 13. O-O-O Bb4 {1-0 (40) So,W (2767)-Demchenko,A (2655) Khanty-Mansiysk 2019}) 8... c6 9. O-O Bd6 10. Bh4 Bf5 $146 ({Predecessor:} 10... O-O 11. Qc2 Qc7 12. Bg3 Bxg3 13. hxg3 Bg4 {0-1 (34) Boldoo,E (2334)-Munkhgal,G (2455) Ulaanbaatar 2019}) 11. Bg3 Bxg3 12. hxg3 h6 13. Bd3 Bxd3 14. Qxd3 O-O 15. b4 Qe7 16. Nd2 b5 17. Rfb1 Nb6 18. a4 Nc4 19. Nb3 Ng4 {White must now prevent ...Qg5.} 20. e4 {[#]} (20. Nd2 $11) 20... Qg5 $1 $17 ({Stronger than} 20... Qxb4 21. Nc5 $16) 21. f3 Nge3 $36 {[%mdl 2048] Black is in control.} 22. Kf2 $2 {[%mdl 8192] [#]} (22. Na5 $17) 22... f5 $1 $19 {[%cal Rf5e4] ...fxe4 is the strong threat.} 23. exd5 (23. e5 $142 f4 24. g4) 23... f4 24. g4 cxd5 25. Rh1 Rae8 {Threatens to win with ...Nxg4+!} 26. axb5 (26. Kg1 $142 Nxg4 27. Rc1 (27. fxg4 $2 Re3 $19)) 26... Nxg4+ 27. fxg4 Re3 28. Qc2 f3 {( -> ...fxg2+)} 29. g3 {[#]} Re2+ $1 {[%mdl 576] Decoy. Black mates.} 30. Nxe2 Qe3+ 31. Ke1 f2+ 32. Kf1 {[#]} Qf3 $1 {[%cal Rc4e3][%mdl 576] Double Attack} 33. Rxh6 Ne3# {Accuracy: White = 28%, Black = 82%.} 0-1

[Event "35th European Club Cup 2019"]
[Site "Ulcinj"]
[Date "2019.11.10"]
[Round "1.33"]
[White "Esipenko, Andrey"]
[Black "Harff, Marcel"]
[Result "1-0"]
[WhiteElo "2636"]
[BlackElo "2362"]
[Annotator "TA"]
[PlyCount "63"]
[EventDate "2019.11.10"]
[EventType "team-tourn"]
[EventCountry "MNE"]
[SourceTitle "playchess.com"]
[Source "ChessBase"]
[SourceQuality "1"]
[WhiteTeam "Molodezka"]
[BlackTeam "Eupen-Kelmis"]

{[%evp 23,63,35,34,23,45,41,41,27,33,19,25,19,41,35,45,40,98,61,92,77,66,43,58,52,53,14,89,78,102,107,198,194,194,162,191,186,1425,1424,1391,1389,1478,1429]} 1. d4 d5 2. c4 e6 3. Nf3 c6 4. Nbd2 Nf6 5. g3 Nbd7 6. Bg2 Be7 7. O-O O-O 8. Qc2 b6 9. e4 Bb7 10. e5 Ne8 11. cxd5 cxd5 12. Re1 Rc8 13. Qa4 {E09: Closed Catalan: Main Line: 7 Qc2 c6 8 Nbd2} (13. Qd1 a5 14. Nf1 Ba6 15. h4 Rc6 16. Bg5 h6 17. Bxe7 Qxe7 18. Qd2 Nc7 19. Rec1 Rxc1 20. Rxc1 Rc8 21. Ne3 Qd8 22. Ne1 Ne8 23. Rc3 Rxc3 24. Qxc3 Qc7 25. Qxc7 Nxc7 26. Bf1 Nb8 27. Bxa6 {½-½ (30) Vorobiov,E (2578)-Movsesian,S (2649) Pardubice 2019}) 13... Bc6 14. Qd1 Bb5 15. Nf1 {White is slightly better.} Nb8 16. Ne3 Nc6 17. a3 $146 ({Predecessor:} 17. Bd2 Nc7 18. a3 a5 19. Rc1 Qd7 20. h4 Rfd8 {0-1 (62) Stremavicius,P (2080)-Kaunas,K (2154) Klaipeda 2019}) 17... a5 18. b3 Qd7 19. h4 Nc7 (19... f6 $14) 20. Ng4 Kh8 21. Bf4 Ba6 22. h5 f5 $1 {[%cal Rf5g4]} 23. exf6 $1 gxf6 24. Bh3 Bd6 (24... Nb5 $11) 25. Qd2 Bxf4 26. Qxf4 Qf7 (26... Nd8 $16) 27. Nh6 Qd7 28. Rac1 Bb7 29. Nf5 $1 Rcd8 $2 {[#]} (29... Ne8 30. N5h4 Nc7) 30. Rxc6 $1 $18 {[%mdl 512] White is clearly winning.} Bxc6 {[#]} 31. Ne5 $1 {[%mdl 512]} Qe8 {[#]} (31... fxe5 32. Qxe5+) 32. Ng6+ $1 {[%mdl 576] Discovered Attack. Accuracy: White = 65%, Black = 33%.} 1-0

[Event "35th European Club Cup 2019"]
[Site "Ulcinj"]
[Date "2019.11.10"]
[Round "1.34"]
[White "Coenen, Norbert"]
[Black "Yuffa, Daniil"]
[Result "1/2-1/2"]
[WhiteElo "2293"]
[BlackElo "2578"]
[Annotator "TA"]
[PlyCount "84"]
[EventDate "2019.11.10"]
[EventType "team-tourn"]
[EventCountry "MNE"]
[SourceTitle "playchess.com"]
[Source "ChessBase"]
[SourceQuality "1"]
[WhiteTeam "Eupen-Kelmis"]
[BlackTeam "Molodezka"]

{[%evp 20,84,10,2,19,0,24,11,39,38,43,41,107,101,102,110,105,46,46,39,40,31,31,32,33,33,78,60,64,4,4,4,4,0,0,0,0,0,2,0,0,0,0,0,0,0,0,0,0,0,0,0,0,0,0,0,0,0,0,0,0,0,0,0,0,0,0]} 1. e4 c5 2. Nf3 d6 3. d4 cxd4 4. Nxd4 Nf6 5. Nc3 a6 6. Be2 e5 7. Nb3 Be7 8. O-O O-O 9. Be3 Be6 10. Qd2 Nbd7 11. a4 Qb8 $146 {B92: Sicilian Najdorf: 6 Be2} ({Predecessor:} 11... Nb6 12. a5 Nc4 13. Bxc4 Bxc4 14. Rfd1 Rc8 15. Bb6 Qe8 16. Nc1 d5 17. exd5 Bb4 18. d6 Qd7 19. Nd3 Bxd6 20. Nxe5 Bxe5 21. Qxd7 Nxd7 22. Rxd7 Bxc3 23. bxc3 {½-½ (30) Salgado Lopez,I (2624)-Cheparinov,I (2711) Germany 2019}) 12. f3 Rc8 13. Rfd1 b6 14. Nc1 Qb7 15. N1a2 b5 (15... a5 $14) 16. axb5 $16 axb5 17. Nb4 Bc4 18. Ncd5 (18. h3 $16) 18... Nxd5 $14 19. Nxd5 Bxd5 20. Rxa8 Qxa8 21. Qxd5 Qxd5 22. Rxd5 b4 23. Bb5 Nc5 24. Bxc5 (24. b3 $14) 24... Rxc5 $11 {The position is equal.} 25. Rxc5 dxc5 $14 {[%mdl 4096] Endgame KB-KB} 26. Bc4 Bg5 27. Kf2 Bc1 28. b3 g6 29. h4 Kg7 30. g4 Bf4 31. Kg2 Be3 32. Kg3 Kf6 33. g5+ Kg7 34. Kg4 f6 35. gxf6+ Kxf6 36. h5 Bf2 37. Bd5 Be1 38. Bc6 Bd2 39. Be8 gxh5+ 40. Kxh5 Ke7 41. Bb5 Kf6 42. Bc4 Be3 {Accuracy: White = 65%, Black = 69%.} 1/2-1/2